000 00567nam a2200241Ia 4500
003 OSt
005 20220916111019.0
006 a|||||r|||| 00| 0
007 ta
008 220915b |||||||| |||| 00| 0 eng d
024 _a99097
037 _cTextbook
040 _beng
_aARTS
_cARTS
041 _aeng
082 _aV1-3:1:N3, H9-;1
100 _aSimnett W E
245 0 _aBritish colonial empire
250 _a2nd
260 _c1949
650 _aHISTORY
942 _hV1-3:1:N3, H9-;1
_cTB
_2CC
999 _c103378
_d103378